=LDR 00000nam 2200000 4500 =001 INLIS000000000027191 =005 20130612125603 =008 ***********************************Ind** =035 ##$$0010-061300000027191 =041 ##$$a Ind =082 ##$$a 633.7 =090 ##$$a 633.7, Kel l =100 ##$$a Kelly, Trocey =245 ##$$a Lima rahasia alami awet muda, oleh Tracey Kelly ; penerjemah, Irma Angela Soekma =260 ##$$a 2005 $b Jakarta =300 ##$$a 63 hlm, ilus, 22 cm =650 ##$$a Kesehatan Jasmani =700 ##$$a Sukma, Irma Angela =850 ##$$a NBPNMAT